<?xml version="1.0" encoding="UTF-8"?>
<record
    xmlns:xsi="http://www.w3.org/2001/XMLSchema-instance"
    xsi:schemaLocation="http://www.loc.gov/MARC21/slim http://www.loc.gov/standards/marcxml/schema/MARC21slim.xsd"
    xmlns="http://www.loc.gov/MARC21/slim">

  <leader>00737nam a2200169Ia 4500</leader>
  <controlfield tag="003">LK-CoDNM</controlfield>
  <controlfield tag="008">010623t2011    xxu||||| |||| 00| 1 sin d</controlfield>
  <datafield tag="040" ind1=" " ind2=" ">
    <subfield code="a">LK-CoDNM</subfield>
    <subfield code="d">LK-CoDNM</subfield>
    <subfield code="e">LK-CoDNM</subfield>
  </datafield>
  <datafield tag="041" ind1=" " ind2=" ">
    <subfield code="a">sin</subfield>
  </datafield>
  <datafield tag="080" ind1=" " ind2=" ">
    <subfield code="a">294.3 PRE</subfield>
  </datafield>
  <datafield tag="100" ind1=" " ind2=" ">
    <subfield code="a">Premarathne,Bogoda</subfield>
  </datafield>
  <datafield tag="245" ind1=" " ind2=" ">
    <subfield code="a">&#xD86;&#xDB1;&#xDCF;&#xDB4;&#xDCF;&#xDB1; &#xDC3;&#xDAD;&#xDD2;&#xDBA;&#xDD9;&#xDB1;&#xDCA; &#xDC4;&#xDD9;&#xDC0;&#xDAD;&#xDCA; &#xDC4;&#xDD4;&#xDC3;&#xDCA;&#xDB8; &#xDAF;&#xDD2;&#xDC4;&#xDCF; &#xDB6;&#xDBD;&#xDCF;&#xD9C;&#xDD9;&#xDB1; &#xD89;&#xDB3;&#xDD3;&#xDB8;&#xDD9;&#xDB1;&#xDCA; &#xD9A;&#xDD9;&#xDBD;&#xDD9;&#xDC3;&#xDCA; &#xDB1;&#xDD0;&#xDC3;&#xDD3; &#xDBA;&#xDB1; &#xDC0;&#xDD2;&#xDB0;&#xDD2;&#xDBA; : &#xDC3;&#xDCA;&#xDB1;&#xDCF;&#xDBA;&#xDD4;-&#xDC0;&#xDD2;&#xDAF;&#xDCA;&#x200D;&#xDBA;&#xDCF;&#xDC0; &#xD86;&#xDC1;&#xDBB;&#xDCA;&#xDBA;&#xDD9;&#xDB1;&#xDCA;</subfield>
  </datafield>
  <datafield tag="246" ind1=" " ind2=" ">
    <subfield code="a">Anapana Sathiyen Hewath Husma Diha Balagena Idimen Keles Nasiyana Vidhiya : Isnau-Vidyawa Ashrayen</subfield>
  </datafield>
  <datafield tag="260" ind1=" " ind2=" ">
    <subfield code="b">Aruna Kumari Perera</subfield>
    <subfield code="a">Colombo</subfield>
    <subfield code="c">2011</subfield>
  </datafield>
  <datafield tag="300" ind1=" " ind2=" ">
    <subfield code="b">74, 21 cm</subfield>
  </datafield>
  <datafield tag="942" ind1=" " ind2=" ">
    <subfield code="c">BK</subfield>
  </datafield>
  <datafield tag="952" ind1=" " ind2=" ">
    <subfield code="0">0</subfield>
    <subfield code="1">0</subfield>
    <subfield code="4">0</subfield>
    <subfield code="7">0</subfield>
    <subfield code="8">MONO</subfield>
    <subfield code="a">MAIN</subfield>
    <subfield code="b">MAIN</subfield>
    <subfield code="d">2023-08-02</subfield>
    <subfield code="l">0</subfield>
    <subfield code="o">294.3 PRE</subfield>
    <subfield code="p">P37590</subfield>
    <subfield code="r">2023-08-02</subfield>
    <subfield code="w">2023-08-02</subfield>
    <subfield code="y">BK</subfield>
  </datafield>
  <datafield tag="999" ind1=" " ind2=" ">
    <subfield code="c">130840</subfield>
    <subfield code="d">130840</subfield>
  </datafield>
</record>
